000 01677cam a22004934i 4500
003 PE-LiUPU
005 20250731165646.0
008 150616s r 000 0 d
020 _a0801030021
035 _a(Sirsi) i9780801030024
040 _aPE-LiUPU
_bspa
_cPE-LiUPU
_erda
049 _aPRUA
082 0 4 _a230.3
_bD94
_221
100 1 _aDouglas, J. D.,
_eautor.
245 1 0 _aNew 20th Century Encyclopedia of Religious Knowledge.
264 1 _aMichigan :
_bBaker Books House,
_c1991.
300 _a896 páginas ;
_c26 centímetros
336 _atext
_2rdacontent
337 _aunmediated
_2rdamedia
338 _avolume
_2rdacarrier
505 0 _aTerminos religiosos y sus significados.
526 _aSEG44
526 _aSEG26
526 _aP151
526 _aP150
526 _aP149
526 _aP146
526 _aP145
526 _aP126
526 _aP125
526 _aP92
526 _aP75
526 _aP74
526 _aP27
526 _aP15
650 0 4 _aTEOLOGIA - SIGLO XX - ENCICLOPEDIAS (A-Z).
910 _ajck
_bjvq
_cjck
942 _2ddc
_cBOOK
949 _aRC 230.3 D94
_wDEWEY
_c1
_i42213
_d2015-10-25
_lCCODEBUL1
_mBUL
_q1
_r0
_sY
_tBOOK
_u2015-6-16
_xTEOLOGIA
_zUNKNOWN
_0COMPRA
_o.CIRCNOTE. No olvidar cambiar la fecha de devolución!!!!!!!
_o.STAFF. Colección General
994 _aC0
_bPEPRU
596 _a1
999 _aRC 230.3 D94
_wDEWEY
_c60044
_i42213
_d60044
_f2021-11-8
_g6
_lCCODEBUL1
_mBUL
_q2
_r1
_sY
_tBOOK
_u2015-6-16
_xTEOLOGIA
_zUNKNOWN
_0COMPRA
_o.CIRCNOTE. No olvidar cambiar la fecha de devolución!!!!!!!
_o.STAFF. Colección General
980 _81
_gALBERTO SANCHEZ Responsable de Automatización